Tallest/highest things Quiz Stats

 Plays Quiz not verified by Sporcle

Challenge
Share
Tweet
Embed
Score 0/21 Timer 06:00
0 Plays Today
Thing Tallest/highest % Correct
AnimalGiraffe
83.3%
Mountain (on earth)Mount Everest
66.7%
WaterfallSalto Angelfalls
50%
Mountain (in the galaxy)Olympus Mons
50%
ContinentAntarctica
50%
CapitalLa Paz
33.3%
LakeLake Titicaca
33.3%
BasketballplayerYao Ming
16.7%
Man (ever)Robert Pershing Wadlow
16.7%
BuildingBurj Dubai
0%
StatueSpring Temple Buddha
0%
Thing Tallest/highest % Correct
ManSultan Kosen
0%
WomanYao Defens
0%
GirlMalee Duangdee
0%
Male twinsMichael and James Lanier
0%
Female twinsAnm and Claire Recht
0%
Football(soccer) playerKristof van Hout
0%
Horse (ever)Sampson
0%
BoyBrenden Adams
0%
Active volcanoOjos del Salado
0%
NationDutch
0%

You're not logged in!

Compare scores with friends on all Sporcle quizzes.
Join for Free
OR
Log In

You Might Also Like...

Show Comments

Extras

Created Mar 17, 2012ReportNominate
Tags:height, highest, tallest

Top Quizzes Today


Score Distribution

Your Account Isn't Verified!

In order to create a playlist on Sporcle, you need to verify the email address you used during registration. Go to your Sporcle Settings to finish the process.

Report this User

Report this user for behavior that violates our Community Guidelines.

Details: